Films avec Pierre Arditi par image - Statistiques

Statistiques générales
  • Ce quiz a été pris 21 fois
  • Le résultat moyen est 5 sur 16
Statistiques - réponses
Par images Réponse % Correct
On connaît la chanson
81%
Smoking/No Smoking
76%
La Belle Epoque
62%
Mélo
52%
Maestro(s)
38%
Le Trésor du Petit Nicolas
29%
Adieu Paris
24%
Cœurs
19%
Les Acteurs
19%
Musée haut, musée bas
19%
Vous n'avez encore rien vu
19%
Mon oncle d'Amérique
14%
Messieurs les enfants
10%
Tu peux garder un secret ?
10%
Bancs publics (Versailles rive droite)
5%
Pile ou face
5%
Aucun quiz correspondant
Distribution des résultats
% des personnes avec chaque résultat
Percentile par nombre de réponses
Votre historique - résultats
Vous n’avez pas pris ce quiz